Statistics for Yu-Gi-Oh Abridged Quiz

Click here to take the quiz!

General Stats

  • This quiz has been taken 290 times
  • The average score is 9 of 15

Answer Stats

HintAnswer% Correct
Who created the Abridged Series?Little Kuriboh
91%
Who can Marik control with the millenium rod?Steve
83%
What is Duke's theme song?Sexyback
82%
What is Krump's favorite animal?Penguin
78%
What is Seto's catchphrase?Screw the rules I have money!
76%
What is the Winged Dragon of Ra called?Mega Ultra Chicken
68%
What is Slifer the Sky Dragon called?Slifer the Executive Producer
68%
What is Ishizu's catchphrase?Because shut up!
67%
What did Bakura's parents want to name him?Florence
63%
What do they call Mako Tsunami?Freaky Fish Guy
62%
What is the worst Yu-Gi-Oh spin off according to them?Yu-Gi-Oh GX
58%
How many episodes are there as of November 2012?56
52%
What show was on the tv when Marik first went to the surface world?Kill Your Family
39%
What is Melvin's nickname for Mai?Whore Biscuit
28%
Krump likes penguins and what else?Red heads
9%

Score Distribution

Percentile by Number Answered

Percent of People with Each Score

Your Score History

You have not taken this quiz